000 00913nam a2200253 i 4500
003 DO-SdBNP
005 20260204094505.0
007 ta
008 260204b2022 dr a|||| |||| 00| 0 spa d
040 _aDO-SdBNP
_bspa
_cBNPHU
_erda
041 _aspa
082 4 _axxx
_bxxx
_222
100 _aLambis Sánchez, Katia,
_eautor
_4aut.
_982152
245 0 0 _aGuía para organizaciones comunitarias sobre cambio climático y gestión de riesgo /
_cKatia Lambis Sánchez ; revisión y corrección, Leivan Díaz
264 1 _aSantiago de los Caballeros, República Dominicana :
_bFundación Solidaridad,
_c2022.
300 _a44 páginas :
_bilustraciones ;
_c28 cm.
336 _atexto
_btxt
_2rdacontent
337 _asin mediación
_bn
_2rdamedia
338 _avolumen
_bnc
_2rdacarrier
590 _aInventariado, 2026/BT
700 1 _aDíaz, Leivan,
_ecorrector
_4corr.
_987934
910 _aBtavárez
942 _2ddc
_cLF2
999 _c60214
_d60214